Members of the OECS - Statistics

General Stats
  • This quiz has been taken 47 times
  • The average score is 7 of 11
Answers on the Map
Answers color-coded by a green-red scale on the quiz's map according to % correct below.
 
Answer Stats
Answer % Correct
British Virgin Islands
85%
Dominica
80%
Antigua and Barbuda
70%
Grenada
65%
Saint Lucia
65%
Saint Vincent and the
Grenadines
65%
Guadeloupe (France)
60%
Saint Kitts and Nevis
60%
Martinique (France)
55%
Anguilla (UK)
50%
Montserrat (UK)
35%
No matching quizzes found
Score Distribution
Percent of People with Each Score
Percentile by Number Answered
Your Score History
You have not taken this quiz